| 000 | 00660nam a22002177a 4500 | ||
|---|---|---|---|
| 003 | CDMR | ||
| 005 | 20131204135827.0 | ||
| 007 | ta | ||
| 008 | 131126s2005 spa||||| | 00| 0 spa d | ||
| 020 | _a8449316855 | ||
| 024 |
_2DL _aB1860/2005 |
||
| 040 |
_aCDMR _bcat _cCDMR |
||
| 100 |
_9383 _aAznar, Hugo |
||
| 245 |
_aÉtica de la comunicación y nuevos retos sociales _b: códigos y recomendaciones para los medios |
||
| 260 |
_aBarcelona _bPaidós Iberica _c2005 |
||
| 300 | _a319 p. | ||
| 490 |
_aPapeles de Comunicación _v45 |
||
| 650 | 0 | 4 |
_9983 _aÈtica periodística |
| 650 | 0 | 4 |
_92757 _aMitjans de comunicació de massa _xAspectes socials |
| 942 |
_2udc _cMON |
||
| 999 |
_c6671 _d6671 |
||